Deutscher Fußball: Wann wurde der Verein zum ersten Mal Meister? - Statistiken

Allgemein
  • Dieses Quiz wurde 99 mal gespielt
  • Das Durchschnittsergebnis liegt bei 11 aus 15
Antwortstatistiken
Frage Antwort % Korrekt
Holstein Kiel 1911/12
90%
VfB Leipzig 1902/03
87%
1. FC Nürnberg 1919/20
83%
Fortuna Düsseldorf 1932/33
83%
FC Schalke 04 1933/34
83%
Eintracht Frankfurt 1958/59
80%
SV Werder Bremen 1964/65
77%
Eintracht Braunschweig 1966/67
77%
Borussia Mönchengladbach 1969/70
73%
FC Bayern München 1931/32
67%
1. FC Köln 1961/62
67%
Borussia Dortmund 1955/56
63%
Hamburger SV 1922/23
53%
VfB Stuttgart 1949/50
50%
Hannover 96 1937/38
47%
Keine übereinstimmenden Quizze gefunden
Verteilung der Resultate
Anzahl Personen mit jedem Resultat
Perzentil nach korrekt beantworteten Fragen
Ihre Resultats-Entwicklung
Sie haben dieses Quiz noch nicht gespielt